000 00504cam a2200193 4500
008 090401t1985 xxu||||| |||| 00| 0 eng d
020 _a0112427227
035 _a(Sirsi) u57199
041 _aeng
050 _a630.0212
110 _aMinistry of Agriculture and Fisheries
_91293
245 _aFarm incomes in England and Wales 1983/84.
260 _aLondon
_bHMSO
_c1985
300 _aiii,71p. ; 30cm.
350 _a0.07
490 _aFarm Incomes Series
_v37
942 _n0
948 _c04/03/1997
999 _c93912
_d93912